| 000 | 00550nam a22001817a 4500 | ||
|---|---|---|---|
| 005 | 20251108173223.0 | ||
| 008 | 250721s9999 xx 000 0 ara d | ||
| 082 | 1 | 4 | _aم/723.30962/رزق |
| 100 | 1 | _aرزق، عاصم محمد | |
| 245 | 1 | 0 | _aأطلس العمارة الإسلامية و القبطية بالقاهرة / |
| 264 | 1 |
_aلبنان : _bمكتبة مدبولي، |
|
| 300 | _a5 مج | ||
| 650 | 1 | 7 | _aالعمارة الإسلامية |
| 650 | 1 | 7 | _aالفنون |
| 650 | 1 | 7 | _aالقاهرة |
| 942 |
_2ddc _cREF |
||
| 999 |
_c98864 _d98864 |
||